| 000 | 01977nam a2200325 i 4500 | ||
|---|---|---|---|
| 001 | 768714001 | ||
| 003 | CO-MdFUSB | ||
| 005 | 20220728143309.0 | ||
| 007 | ta | ||
| 008 | 220525t1988 -us |||| |||| 00| 0 spa d | ||
| 020 | _a0829713530 | ||
| 040 |
_aCO-MdFUSB _bspa _cCO-MdFUSB _dCO-MdFUSBC _erda |
||
| 041 |
_aspa _heng |
||
| 082 |
_223 _a248 _bM981 |
||
| 100 |
_aMurray, Andrew, _eautor |
||
| 240 | _aThe inner life | ||
| 245 | 3 |
_aLa vida interior : _bcultivo de la renovación del alma _c/ Andrew Murray ; traducido por Agustín S. Contin |
|
| 264 | 1 |
_aEstados Unidos : _bVida, _c[1989] |
|
| 264 | 4 | _c© 1989 | |
| 300 |
_a160 páginas _c; 18 cm |
||
| 336 |
_2rdacontent _atexto _btxt |
||
| 337 |
_2rdamedia _asin mediación _bn |
||
| 338 |
_2rdacarrier _avolumen _bnc |
||
| 505 | _aLa hora matinal. -- Puerta cerrada – A solas con Dios. -- Puerta abierta – la recompensa visible. -- Moisés y la Palabra de Dios . -- Moisés, hombre de oración. -- Moisés, hombre de Dios. -- El poder de la Palabra de Dios. -- La semilla y la Palabra. -- Hacer y conocer. -- La bienaventuranza de aquel que practica. -- Guardando los mandamientos de Cristo. -- Vida y conocimiento. -- El corazón y el entendimiento . -- Los pensamientos de Dios y los nuestros. -- Meditación. -- Revelando a los pequeños. --Aprendiendo a Cristo. -- Vida y luz. -- El estudioso de la Biblia. -- ¿Quién eres? La voluntad de Dios. -- Alimentándose de la Palabra . Vacaciones. -- Lo interior y lo exterior. -- La renovación diaria – su poder. -- La renovación diaria – su modelo. -- La renovación diaria – Su precio. -- Santidad – El objetivo principal del estudio bíblico. -- El salmo 119 y sus enseñanzas. -- La santa Trinidad. -- En Cristo. -- Solo. -- Ganando almas. -- El poder de la intercesión. -- El intercesor. | ||
| 563 | _aRústico | ||
| 650 | 0 |
_919 _aVida cristiana |
|
| 700 |
_96559 _aContin, Agustín S., _eautor |
||
| 942 | _cBK | ||
| 945 | _aJTF-925 | ||
| 999 |
_c67903 _d67903 |
||